000 01183nam a2200301 c 4500
999 _c46138
_d46138
003 BLK
005 20210302162318.0
008 180408b bul|||||r ||||||| ||bul||
010 _aKNG00049941000
040 _aBLK
041 _aBUL
_cBUL
080 _aАмериканска литература (на САЩ)
_b821.111(73)
_x-312.9
_z821.111(73)-312.9
100 1 _aСаймък, Клифърд Д.
_eпърви автор
_9118469
139 _aСаймък, Клифърд Д.
_bС 13
245 1 0 _aГробищен свят
_bНаучнофантаст. роман
_cКлифърд Д. Саймък; прев. от англ. Михаил Грънчаров.
257 _aUSA
260 _bГеорги Бакалов
_c1979
300 _a199 с.
_c17 см
380 _aX
490 _aБиблиотека Галактика
_v8
_9201894
500 _aОриг. загл. Cemetery World ? Clifford Simak
700 1 _aГрънчаров, Михаил
_eпрев. от англ.
_9368182
852 _aЦб І 17568
856 4 _qpdf
856 4 _qpdf
942 _cKNG
_n0
_01
_s1
944 _aCR
_c18.05.2005
_kГеновева_Генчева
944 _aED
_c19.01.2017
_kТеодора_Стоянова
999 _d46138
999 _d46138